000 00602nam a22002297a 4500
003 UA-OsUOA
001 35871
007 ta
008 20051222b un ||||| |||| 00| 0 ukr d
100 _aОлейник Б.
090 _a821.161.1
_bО-53
942 _cBK
040 _aUA-OsUOA
_brus
_cUA-OsUOA
_dUA-OsUOA
245 _aКнязь тьмы
_bДва года в Кремле
300 _a121 с.
955 _a3
041 _arus
080 _a821.161.1
260 _aМ.
_bПалея
_c1992
650 7 _a82 Література. Літературознавство
_2UDC
999 _c322174
_d322174